Fictional Archers by Picture - Statistics

General Stats
  • This quiz has been taken 1,207 times
  • The average score is 10 of 16
Answer Stats
Picture Hint Answer % Correct
Roman mythology Cupid
90%
Tomb Raider Lara Croft
89%
R____ John Rambo
87%
English folklore Robin Hood
87%
The Lord of the Rings Legolas Greenleaf
86%
Hunger Games Katniss Everdeen
84%
Avengers Hawkeye
76%
The Legend of Zelda Link
69%
Justice League Green Arrow
62%
Brave Merida
61%
Greek mythology Apollo
50%
Swiss folklore William Tell
46%
The Chronicles of Narnia Susan Pevensie
34%
Kid Icarus Pit
15%
T____: Dinosaur Hunter Turok
11%
Pokémon Decidueye
10%
No matching quizzes found
Score Distribution
Percent of People with Each Score
Percentile by Number Answered
Your Score History
You have not taken this quiz